[Event "FICGS class A 000269 email"]
[Site "FICGS email"]
[Date "2023.05.31"]
[Round "1"]
[White "Dialfonso, Darren"]
[Black "Pech, Jaroslav Sr"]
[Result "1-0"]
[WhiteElo "2229"]
[BlackElo "2078"]
[PlyCount "39"]
[EventDate "2023.??.??"]
[EventType "tourn (corr)"]
[EventRounds "6"]
[SourceTitle "Corr 2024"]
[Source "ChessBase"]
[SourceDate "2023.10.19"]
[SourceVersion "1"]
[SourceVersionDate "2023.10.19"]
[SourceQuality "1"]

1. d4 d5 2. c4 e6 3. Nc3 Nf6 4. cxd5 exd5 5. Bg5 c6 6. Qc2 h6 7. Bh4 Be6 8. e3 Nbd7 9. f3 c5 10. Bd3 Bd6 11. Nge2 c4 12. Bf5 0-0 13. 0-0 Qe8 14. Bxe6 Qxe6 15. Bf2 Rfe8 16. Rae1 Rad8 17. Ng3 Bxg3 18. Bxg3 Nf8 19. a4 Qc6 20. h3 1-0

[Event "FICGS class A 000267 email"]
[Site "FICGS email"]
[Date "2023.03.18"]
[Round "1"]
[White "Pech, Jaroslav Sr"]
[Black "Swiatek, Janusz"]
[Result "1/2-1/2"]
[WhiteElo "2037"]
[BlackElo "2213"]
[PlyCount "38"]
[EventDate "2023.??.??"]
[EventType "tourn (corr)"]
[EventRounds "6"]
[SourceTitle "Corr 2024"]
[Source "ChessBase"]
[SourceDate "2023.10.19"]
[SourceVersion "1"]
[SourceVersionDate "2023.10.19"]
[SourceQuality "1"]

1. d4 d5 2. c4 dxc4 3. Nf3 Nf6 4. e3 a6 5. Bxc4 e6 6. 0-0 c5 7. dxc5 Bxc5 8. Qxd8+ Kxd8 9. Nbd2 Ke7 10. Be2 Bd7 11. Nb3 Bb6 12. Bd2 Nc6 13. Bc3 g6 14. Rfd1 Rhd8 15. Be1 Ne4 16. Nfd2 Nxd2 17. Nxd2 f6 18. a3 Ne5 19. Nf3 Nf7 1/2-1/2

[Event "FICGS rapid B 000387 email"]
[Site "FICGS email"]
[Date "2023.03.09"]
[Round "1"]
[White "Pech, Jaroslav Sr"]
[Black "Phillips, Wendell"]
[Result "1-0"]
[WhiteElo "2037"]
[BlackElo "1771"]
[PlyCount "39"]
[EventDate "2023.??.??"]
[EventType "tourn (rapid)"]
[EventRounds "6"]
[SourceTitle "Corr 2024"]
[Source "ChessBase"]
[SourceDate "2023.10.19"]
[SourceVersion "1"]
[SourceVersionDate "2023.10.19"]
[SourceQuality "1"]

1. c4 d6 2. d4 Nd7 3. Nf3 e5 4. Nc3 c6 5. e4 Qc7 6. Be2 h6 7. Be3 Ne7 8. h4 Ng6 9. h5 Ne7 10. Nh4 Ng8 11. f4 Be7 12. Nf5 Bf8 13. c5 exd4 14. cxd6 Bxd6 15. Qxd4 Bf8 16. Nxg7+ Bxg7 17. Qxg7 Ke7 18. Rd1 Ngf6 19. Qxh8 Qd8 20. Bc5+ 1-0

[Event "FICGS rapid B 000387 email"]
[Site "FICGS email"]
[Date "2023.03.09"]
[Round "1"]
[White "Pintor, Manuel"]
[Black "Pech, Jaroslav Sr"]
[Result "0-1"]
[WhiteElo "1699"]
[BlackElo "2037"]
[PlyCount "44"]
[EventDate "2023.??.??"]
[EventType "tourn (rapid)"]
[EventRounds "6"]
[SourceTitle "Corr 2024"]
[Source "ChessBase"]
[SourceDate "2023.10.19"]
[SourceVersion "1"]
[SourceVersionDate "2023.10.19"]
[SourceQuality "1"]

1. e4 e5 2. f4 Bc5 3. Nf3 d6 4. Bc4 Nf6 5. d3 Nc6 6. c3 0-0 7. b4 Bb6 8. a4 a6 9. h3 exf4 10. Bxf4 d5 11. exd5 Re8+ 12. Kd2 Nxd5 13. Bg5 Be3+ 14. Bxe3 Nxe3 15. Qb3 Ne5 16. Nxe5 Rxe5 17. Bxf7+ Kh8 18. d4 Qg5 19. dxe5 Bf5 20. Kc1 Nc4+ 21. Kd1 Rd8+ 22. Ke2 Qe3+ 0-1

[Event "FICGS rapid A 000292 email"]
[Site "FICGS email"]
[Date "2023.02.21"]
[Round "1"]
[White "Pech, Jaroslav Sr"]
[Black "Ploscaru, Stelian"]
[Result "1/2-1/2"]
[WhiteElo "1987"]
[BlackElo "2197"]
[PlyCount "64"]
[EventDate "2023.??.??"]
[EventType "tourn (rapid)"]
[EventRounds "6"]
[SourceTitle "Corr 2024"]
[Source "ChessBase"]
[SourceDate "2023.10.19"]
[SourceVersion "1"]
[SourceVersionDate "2023.10.19"]
[SourceQuality "1"]

1. d4 d5 2. c4 e6 3. Nc3 Nf6 4. Nf3 c6 5. e3 Nbd7 6. Qc2 Bd6 7. Bd3 0-0 8. 0-0 dxc4 9. Bxc4 a6 10. a4 c5 11. Rd1 cxd4 12. exd4 Qc7 13. Qe2 b6 14. Bg5 h6 15. Bxf6 Nxf6 16. Rac1 Bb7 17. d5 Nxd5 18. Nxd5 exd5 19. Bxd5 Bc5 20. Qe5 Rac8 21. Qxc7 Rxc7 22. Bxb7 Rxb7 23. g3 Re8 24. Kf1 Ree7 25. Ne1 Red7 26. Rxd7 Rxd7 27. Ke2 Kf8 28. Nd3 Bd4 29. Kf3 f5 30. h4 Rd6 31. b4 g5 32. hxg5 hxg5 1/2-1/2

[Event "FICGS rapid A 000292 email"]
[Site "FICGS email"]
[Date "2023.02.21"]
[Round "1"]
[White "Pech, Jaroslav Sr"]
[Black "Swiatek, Janusz"]
[Result "1-0"]
[WhiteElo "1987"]
[BlackElo "2199"]
[PlyCount "115"]
[EventDate "2023.??.??"]
[EventType "tourn (rapid)"]
[EventRounds "6"]
[SourceTitle "Corr 2024"]
[Source "ChessBase"]
[SourceDate "2023.10.19"]
[SourceVersion "1"]
[SourceVersionDate "2023.10.19"]
[SourceQuality "1"]

1. e4 c5 2. Nf3 d6 3. d4 cxd4 4. Nxd4 Nf6 5. Nc3 a6 6. Be3 e5 7. Nb3 Be7 8. f3 Be6 9. Qd2 0-0 10. 0-0-0 Nbd7 11. g4 b5 12. g5 Nh5 13. Nd5 Bxd5 14. exd5 f6 15. gxf6 Bxf6 16. Na5 Qe8 17. Nc6 Bd8 18. Rg1 Kh8 19. Nxd8 Qxd8 20. Kb1 Qe8 21. Re1 Nf4 22. c4 bxc4 23. Bxc4 Qh5 24. Rgf1 Qh3 25. Rf2 Qf5+ 26. Ka1 a5 27. Rc1 a4 28. a3 Rac8 29. Qd1 Nc5 30. Rfc2 h5 31. Bxc5 Rxc5 32. Rc3 Qg6 33. Qxa4 Nxd5 34. Bxd5 Rxd5 35. Rc8 Qf7 36. Qb3 Rxc8 37. Rxc8+ Kh7 38. Ka2 Kg6 39. a4 Rd4 40. Qxf7+ Kxf7 41. b3 Ke7 42. Rc7+ Ke6 43. a5 Rd2+ 44. Ka3 Rd1 45. b4 Ra1+ 46. Kb2 Ra4 47. Kb3 Ra1 48. Rxg7 d5 49. Rg6+ Kf5 50. Rd6 d4 51. a6 Kf4 52. b5 Kxf3 53. b6 Rxa6 54. b7 Rxd6 55. b8Q Re6 56. Qg8 Rb6+ 57. Kc4 e4 58. Qg3+ 1-0

[Event "FICGS rapid A 000291 email"]
[Site "FICGS email"]
[Date "2023.01.09"]
[Round "1"]
[White "Pech, Jaroslav Sr"]
[Black "Swiatek, Janusz"]
[Result "1/2-1/2"]
[WhiteElo "1987"]
[BlackElo "2199"]
[PlyCount "42"]
[EventDate "2023.??.??"]
[EventType "tourn (rapid)"]
[EventRounds "6"]
[SourceTitle "Corr 2024"]
[Source "ChessBase"]
[SourceDate "2023.10.19"]
[SourceVersion "1"]
[SourceVersionDate "2023.10.19"]
[SourceQuality "1"]

1. d4 d5 2. c4 e6 3. Nc3 Bb4 4. e3 Nf6 5. Nf3 0-0 6. Bd3 dxc4 7. Bxc4 c5 8. 0-0 Nc6 9. a3 Ba5 10. Bd3 h6 11. Bc2 Qe7 12. Ne4 Nxe4 13. Bxe4 cxd4 14. exd4 Rd8 15. Be3 Bb6 16. Rc1 Qf6 17. Qc2 Bd7 18. b4 Rab8 19. Qd2 Be8 20. Rc4 e5 21. d5 Ne7 1/2-1/2

[Event "FICGS rapid A 000291 email"]
[Site "FICGS email"]
[Date "2023.01.09"]
[Round "1"]
[White "Roubik, Vit"]
[Black "Pech, Jaroslav Sr"]
[Result "1/2-1/2"]
[WhiteElo "1938"]
[BlackElo "1987"]
[PlyCount "126"]
[EventDate "2023.??.??"]
[EventType "tourn (rapid)"]
[EventRounds "6"]
[SourceTitle "Corr 2024"]
[Source "ChessBase"]
[SourceDate "2023.10.19"]
[SourceVersion "1"]
[SourceVersionDate "2023.10.19"]
[SourceQuality "1"]

1. d4 Nf6 2. c4 c5 3. d5 b5 4. cxb5 a6 5. bxa6 Bxa6 6. Nc3 g6 7. e4 Bxf1 8. Kxf1 d6 9. a4 Bg7 10. g3 Na6 11. Kg2 Qc8 12. Nf3 0-0 13. Ra3 Qb7 14. h4 h5 15. Qe2 Ng4 16. Nb5 Rfc8 17. Nh2 Qd7 18. b3 Nxh2 19. Kxh2 Nc7 20. Nxc7 Rxc7 21. Bd2 e6 22. Qd3 Bd4 23. Rf1 e5 24. a5 Kg7 25. f4 exf4 26. Bxf4 Kh7 27. a6 Rca7 28. Ra2 Rb8 29. Rb1 Bg7 30. b4 Rxb4 31. Rxb4 cxb4 32. Be3 Ra8 33. Bd2 Qg4 34. Bxb4 Be5 35. Be1 Qxh4+ 36. Kg2 Qg5 37. Bc3 Kg7 38. Bxe5+ Qxe5 39. Qb1 Kh7 40. Qd3 Kg7 41. a7 Qe7 42. Qc3+ f6 43. Qe3 Qc7 44. Kh2 Qc4 45. Qa3 h4 46. Qb2 hxg3+ 47. Kxg3 Qc7 48. Qd4 g5 49. Kf3 Qb7 50. Kg4 Kg6 51. Qf2 Kg7 52. Qd4 Qc8+ 53. Kg3 Qc7 54. Ra3 Qb7 55. Qe3 Kg6 56. e5 dxe5 57. d6 Qh1 58. d7 Rh8 59. a8Q Rh3+ 60. Kf2 Rh2+ 61. Kg3 Rh3+ 62. Kf2 Rh2+ 63. Kg3 Rh3+ 1/2-1/2

[Event "FICGS class A 000264 email"]
[Site "FICGS email"]
[Date "2022.12.13"]
[Round "1"]
[White "Pech, Jaroslav Sr"]
[Black "Wiaderek, Piotr"]
[Result "1/2-1/2"]
[WhiteElo "2021"]
[BlackElo "2232"]
[PlyCount "40"]
[EventDate "2022.??.??"]
[EventType "tourn (corr)"]
[EventRounds "6"]
[SourceTitle "Corr 2024"]
[Source "ChessBase"]
[SourceDate "2023.10.19"]
[SourceVersion "1"]
[SourceVersionDate "2023.10.19"]
[SourceQuality "1"]

1. e4 e5 2. Nf3 Nc6 3. Bb5 Nf6 4. 0-0 Nxe4 5. d4 Nd6 6. Bxc6 dxc6 7. dxe5 Nf5 8. Qxd8+ Kxd8 9. Rd1+ Ke8 10. Nc3 Ne7 11. h3 Ng6 12. Be3 Bb4 13. Ne2 a5 14. Nf4 Nxf4 15. Bxf4 a4 16. Nd4 Bc5 17. Rd2 Bxd4 18. Rxd4 h6 19. Rad1 Ke7 20. g4 Be6 1/2-1/2

[Event "FICGS class A 000264 email"]
[Site "FICGS email"]
[Date "2022.12.13"]
[Round "1"]
[White "Swiatek, Janusz"]
[Black "Pech, Jaroslav Sr"]
[Result "1/2-1/2"]
[WhiteElo "2204"]
[BlackElo "2021"]
[PlyCount "43"]
[EventDate "2022.??.??"]
[EventType "tourn (corr)"]
[EventRounds "6"]
[SourceTitle "Corr 2024"]
[Source "ChessBase"]
[SourceDate "2023.10.19"]
[SourceVersion "1"]
[SourceVersionDate "2023.10.19"]
[SourceQuality "1"]

1. e4 e5 2. Nf3 Nc6 3. Bb5 a6 4. Ba4 Nf6 5. 0-0 Be7 6. Re1 b5 7. Bb3 0-0 8. c3 d6 9. d4 Bg4 10. Be3 Bh5 11. Nbd2 d5 12. exd5 Nxd5 13. dxe5 Nxe5 14. Bd4 Nc6 15. Be5 Nxe5 16. Rxe5 Nf6 17. Ne4 Nxe4 18. Qxd8 Raxd8 19. Rxe7 Bxf3 20. gxf3 Ng5 21. Rxc7 Rd2 22. Kg2 1/2-1/2

[Event "FICGS class A 000264 email"]
[Site "FICGS email"]
[Date "2022.12.13"]
[Round "1"]
[White "Wilson, Norman"]
[Black "Pech, Jaroslav Sr"]
[Result "1/2-1/2"]
[WhiteElo "2143"]
[BlackElo "2021"]
[PlyCount "67"]
[EventDate "2022.??.??"]
[EventType "tourn (corr)"]
[EventRounds "6"]
[SourceTitle "Corr 2024"]
[Source "ChessBase"]
[SourceDate "2023.10.19"]
[SourceVersion "1"]
[SourceVersionDate "2023.10.19"]
[SourceQuality "1"]

1. e4 c5 2. Nf3 Nc6 3. d4 cxd4 4. Nxd4 Nf6 5. Nc3 e5 6. Ndb5 d6 7. Nd5 Nxd5 8. exd5 Nb8 9. Qd3 a6 10. Qa3 Be7 11. Bd2 0-0 12. Bb4 axb5 13. Qxa8 Na6 14. Bd2 Bg5 15. Qa7 Bxd2+ 16. Kxd2 Bf5 17. Be2 Qh4 18. Qe3 Nb4 19. g3 Qf6 20. h4 Nxc2 21. Qg5 Nxa1 22. Rxa1 Rc8 23. b4 Qxg5+ 24. hxg5 Rc2+ 25. Ke3 Rb2 26. a4 bxa4 27. Rxa4 h6 28. Ra8+ Kh7 29. b5 hxg5 30. Rb8 Bb1 31. g4 g6 32. Rxb7 Kg8 33. Rb8+ Kg7 34. Rb7 1/2-1/2

[Event "FICGS W-ch st1 g05 email"]
[Site "FICGS email"]
[Date "2022.11.02"]
[Round "1"]
[White "Csoma, Robert"]
[Black "Pech, Jaroslav Sr"]
[Result "0-1"]
[WhiteElo "1752"]
[BlackElo "2021"]
[PlyCount "42"]
[EventDate "2022.??.??"]
[EventType "tourn (corr)"]
[EventRounds "6"]
[SourceTitle "Corr 2024"]
[Source "ChessBase"]
[SourceDate "2023.10.19"]
[SourceVersion "1"]
[SourceVersionDate "2023.10.19"]
[SourceQuality "1"]

1. d4 d5 2. Nc3 Nf6 3. Bg5 Nbd7 4. f3 c6 5. e4 dxe4 6. fxe4 e5 7. Nf3 h6 8. Bh4 Qb6 9. Rb1 exd4 10. Nxd4 Ne5 11. Bxf6 gxf6 12. Nce2 Bg4 13. h3 Bxe2 14. Bxe2 0-0-0 15. c3 c5 16. Qc2 cxd4 17. cxd4+ Kb8 18. dxe5 Bb4+ 19. Kf1 Qe3 20. Rd1 Rxd1+ 21. Qxd1 Rc8 0-1

[Event "FICGS W-ch st1 g05 email"]
[Site "FICGS email"]
[Date "2022.11.02"]
[Round "1"]
[White "Swiatek, Janusz"]
[Black "Pech, Jaroslav Sr"]
[Result "1/2-1/2"]
[WhiteElo "2204"]
[BlackElo "2021"]
[PlyCount "63"]
[EventDate "2022.??.??"]
[EventType "tourn (corr)"]
[EventRounds "6"]
[SourceTitle "Corr 2024"]
[Source "ChessBase"]
[SourceDate "2023.10.19"]
[SourceVersion "1"]
[SourceVersionDate "2023.10.19"]
[SourceQuality "1"]

1. e4 c6 2. d4 d5 3. e5 Bf5 4. Nf3 e6 5. Be2 c5 6. 0-0 Nc6 7. c3 Bg6 8. a3 cxd4 9. cxd4 Nge7 10. Nc3 Nc8 11. Bd3 Bxd3 12. Qxd3 h6 13. Be3 a5 14. h3 a4 15. Rac1 Be7 16. Nd2 0-0 17. f4 f6 18. Rf3 Qe8 19. Kh1 Bd8 20. Bf2 N8e7 21. Re1 fxe5 22. dxe5 Qg6 23. Qb5 Ba5 24. Re2 Nf5 25. Qd3 Bxc3 26. bxc3 h5 27. Kh2 Na5 28. c4 Nxc4 29. Nxc4 dxc4 30. Qxc4 Rfc8 31. Qb4 Qf7 32. Rd3 1/2-1/2

[Event "FICGS class C 000362 email"]
[Site "FICGS email"]
[Date "2022.10.19"]
[Round "1"]
[White "Domingo, Jordi"]
[Black "Pech, Jaroslav Sr"]
[Result "0-1"]
[WhiteElo "1962"]
[BlackElo "2040"]
[PlyCount "36"]
[EventDate "2022.??.??"]
[EventType "tourn (corr)"]
[EventRounds "1"]
[SourceTitle "Corr 2024"]
[Source "ChessBase"]
[SourceDate "2023.10.19"]
[SourceVersion "1"]
[SourceVersionDate "2023.10.19"]
[SourceQuality "1"]

1. g4 d5 2. g5 c6 3. d4 h6 4. g6 fxg6 5. Nf3 Bf5 6. c4 e6 7. Nc3 Bd6 8. Qb3 Nd7 9. Qxb7 Ne7 10. Nh4 0-0 11. c5 Rb8 12. Qa6 Bc7 13. f4 Bg4 14. e3 Nxc5 15. dxc5 d4 16. exd4 Bxf4 17. Bxf4 Rxf4 18. Ne2 Rxd4 0-1

[Event "FICGS class A 000263 email"]
[Site "FICGS email"]
[Date "2022.10.19"]
[Round "1"]
[White "Sury, Radim"]
[Black "Pech, Jaroslav Sr"]
[Result "1/2-1/2"]
[WhiteElo "2000"]
[BlackElo "2040"]
[PlyCount "67"]
[EventDate "2022.??.??"]
[EventType "tourn (corr)"]
[EventRounds "6"]
[SourceTitle "Corr 2024"]
[Source "ChessBase"]
[SourceDate "2023.10.19"]
[SourceVersion "1"]
[SourceVersionDate "2023.10.19"]
[SourceQuality "1"]

1. e4 e5 2. Nf3 Nc6 3. Bb5 a6 4. Ba4 Nf6 5. 0-0 Be7 6. Re1 b5 7. Bb3 0-0 8. c3 d6 9. h3 Re8 10. d4 Bb7 11. Nbd2 Bf8 12. a4 h6 13. Bc2 exd4 14. cxd4 Nb4 15. Bb1 c5 16. d5 Nd7 17. Ra3 c4 18. Ree3 Nc5 19. b3 c3 20. Rxc3 f5 21. axb5 fxe4 22. Nxe4 Nxd5 23. bxa6 Nxc3 24. Nxc3 Rxa6 25. Rxa6 Nxa6 26. Qd3 Bxf3 27. Qh7+ Kf7 28. Bg6+ Kf6 29. Bb2 Re5 30. Kh2 Bxg2 31. f4 Bb7 32. Ne4+ Bxe4 33. Bxe4 Ke7 34. fxe5 1/2-1/2

[Event "FICGS class C 000304 email"]
[Site "FICGS email"]
[Date "2022.08.22"]
[Round "1"]
[White "Domingo, Jordi"]
[Black "Pech, Jaroslav Sr"]
[Result "0-1"]
[WhiteElo "1909"]
[BlackElo "1941"]
[PlyCount "56"]
[EventDate "2022.??.??"]
[EventType "tourn (corr)"]
[EventRounds "4"]
[SourceTitle "Corr 2024"]
[Source "ChessBase"]
[SourceDate "2023.10.19"]
[SourceVersion "1"]
[SourceVersionDate "2023.10.19"]
[SourceQuality "1"]

1. g4 d5 2. h3 e5 3. Bg2 c6 4. d4 e4 5. c4 Bd6 6. Nc3 Ne7 7. Bg5 f6 8. Bd2 0-0 9. Qb3 Kh8 10. e3 a5 11. Nge2 f5 12. cxd5 cxd5 13. f3 exf3 14. Bxf3 Nbc6 15. a3 Bd7 16. 0-0-0 a4 17. Qc2 Rc8 18. Kb1 b5 19. Qd3 b4 20. Nb5 Be8 21. gxf5 Rb8 22. Nxd6 Qxd6 23. axb4 Nxf5 24. Bxd5 Nxe3 25. Qxe3 Qxd5 26. Rhg1 Rf3 27. Nc3 Qf7 28. Qe4 a3 0-1

[Event "FICGS class C 000304 email"]
[Site "FICGS email"]
[Date "2022.08.22"]
[Round "1"]
[White "Pech, Jaroslav Sr"]
[Black "Butu, Sebastian"]
[Result "1-0"]
[WhiteElo "1941"]
[BlackElo "1900"]
[PlyCount "25"]
[EventDate "2022.??.??"]
[EventType "tourn (corr)"]
[EventRounds "4"]
[SourceTitle "Corr 2024"]
[Source "ChessBase"]
[SourceDate "2023.10.19"]
[SourceVersion "1"]
[SourceVersionDate "2023.10.19"]
[SourceQuality "1"]

1. d4 d5 2. c4 e6 3. Nc3 c6 4. Nf3 Nf6 5. e3 Nbd7 6. Bd3 dxc4 7. Bxc4 b5 8. Bd3 b4 9. Ne4 Nxe4 10. Bxe4 Bb7 11. 0-0 Be7 12. a3 a5 13. Qc2 1-0

[Event "FICGS class C 000358 email"]
[Site "FICGS email"]
[Date "2022.07.23"]
[Round "1"]
[White "Pech, Jaroslav Sr"]
[Black "Benone, Mateia"]
[Result "1-0"]
[WhiteElo "1941"]
[BlackElo "1820"]
[PlyCount "21"]
[EventDate "2022.??.??"]
[EventType "tourn (corr)"]
[EventRounds "1"]
[SourceTitle "Corr 2024"]
[Source "ChessBase"]
[SourceDate "2023.10.19"]
[SourceVersion "1"]
[SourceVersionDate "2023.10.19"]
[SourceQuality "1"]

1. d4 Nf6 2. c4 c5 3. d5 b5 4. cxb5 a6 5. bxa6 Bxa6 6. Nc3 g6 7. e4 Bxf1 8. Kxf1 d6 9. Nf3 Nbd7 10. g3 Bg7 11. Kg2 1-0

[Event "FICGS class C 000358 email"]
[Site "FICGS email"]
[Date "2022.07.23"]
[Round "1"]
[White "Pech, Jaroslav Sr"]
[Black "Schleef, Harald"]
[Result "1/2-1/2"]
[WhiteElo "1941"]
[BlackElo "2016"]
[PlyCount "66"]
[EventDate "2022.??.??"]
[EventType "tourn (corr)"]
[EventRounds "1"]
[SourceTitle "Corr 2024"]
[Source "ChessBase"]
[SourceDate "2023.10.19"]
[SourceVersion "1"]
[SourceVersionDate "2023.10.19"]
[SourceQuality "1"]

1. e4 c5 2. Nf3 d6 3. d4 cxd4 4. Nxd4 Nf6 5. Nc3 g6 6. Be3 Bg7 7. Be2 Nc6 8. 0-0 0-0 9. Nb3 Be6 10. f4 Na5 11. f5 Bc4 12. Nxa5 Bxe2 13. Qxe2 Qxa5 14. Bd4 Nd7 15. Bxg7 Kxg7 16. Nd5 e6 17. b4 Qd8 18. fxe6 fxe6 19. Rxf8 Nxf8 20. Ne3 Qb6 21. Qd2 Nd7 22. Rd1 Nf6 23. Qd4 Qxd4 24. Rxd4 Rc8 25. Kf1 Rc6 26. b5 Rc3 27. Ke2 d5 28. exd5 Nxd5 29. Nxd5 exd5 30. Rxd5 Rxc2+ 31. Kf3 Rxa2 32. Rd7+ Kf6 33. Rxb7 h5 1/2-1/2

[Event "FICGS class C 000358 email"]
[Site "FICGS email"]
[Date "2022.07.23"]
[Round "1"]
[White "Pech, Jaroslav Sr"]
[Black "Trigance, Emile"]
[Result "1-0"]
[WhiteElo "1941"]
[BlackElo "1806"]
[PlyCount "53"]
[EventDate "2022.??.??"]
[EventType "tourn (corr)"]
[EventRounds "1"]
[SourceTitle "Corr 2024"]
[Source "ChessBase"]
[SourceDate "2023.10.19"]
[SourceVersion "1"]
[SourceVersionDate "2023.10.19"]
[SourceQuality "1"]

1. c4 c6 2. d4 d5 3. Nf3 Nf6 4. Nc3 dxc4 5. a4 Na6 6. e4 Bg4 7. Bxc4 e6 8. Be3 Bb4 9. Qb3 Qe7 10. Ne5 Bh5 11. Bxa6 bxa6 12. Nxc6 Bxc3+ 13. Qxc3 Qd7 14. f3 0-0 15. 0-0 Rfc8 16. Rfc1 h6 17. Qc4 Kh7 18. Qxa6 Rc7 19. Ne5 Qe7 20. Rc5 Rb7 21. b4 Rb6 22. Qa5 Qb7 23. b5 a6 24. Nc4 Rb8 25. Nxb6 Qxb6 26. Qxb6 Rxb6 27. a5 1-0

[Event "FICGS rapid A 000284 email"]
[Site "FICGS email"]
[Date "2022.07.10"]
[Round "1"]
[White "Pech, Jaroslav Sr"]
[Black "Nimylovych, Taras"]
[Result "0-1"]
[WhiteElo "1941"]
[BlackElo "2051"]
[PlyCount "126"]
[EventDate "2022.??.??"]
[EventType "tourn (rapid)"]
[EventRounds "6"]
[SourceTitle "Corr 2024"]
[Source "ChessBase"]
[SourceDate "2023.10.19"]
[SourceVersion "1"]
[SourceVersionDate "2023.10.19"]
[SourceQuality "1"]

1. e4 e5 2. Nf3 Nc6 3. Bb5 Nf6 4. 0-0 Nxe4 5. d4 Nd6 6. Bxc6 dxc6 7. dxe5 Nf5 8. Qxd8+ Kxd8 9. Nc3 Be7 10. Rd1+ Ke8 11. h3 h5 12. Bg5 Be6 13. g3 Rc8 14. Kg2 f6 15. Bf4 Kf7 16. a3 c5 17. exf6 gxf6 18. Nb5 c6 19. Nc7 Rxc7 20. Bxc7 Bd5 21. Rd3 Nd4 22. Rad1 Rc8 23. Ba5 b5 24. R1d2 Bf8 25. b3 Bh6 26. Rxd4 cxd4 27. Rxd4 Re8 28. c4 bxc4 29. bxc4 Be4 30. Bb4 f5 31. Rd7+ Kg8 32. Bd6 c5 33. a4 a5 34. Bc7 Ra8 35. Bd6 Bc6 36. Rc7 Be4 37. Rd7 Re8 38. Bxc5 Rb8 39. h4 Rb3 40. Rd8+ Kf7 41. Rd7+ Ke8 42. Re7+ Kd8 43. Rxe4 fxe4 44. Ng5 Ke8 45. Nxe4 Bf8 46. Nf6+ Kf7 47. Bxf8 Kxf8 48. c5 Rb4 49. Nd7+ Kf7 50. Nb6 Ke6 51. f4 Kf5 52. Kf3 Rb3+ 53. Kf2 Rc3 54. Nd7 Ke6 55. Nf8+ Kd5 56. Nd7 Kc6 57. Nf6 Rc4 58. Nxh5 Rxa4 59. f5 Rd4 60. Nf4 a4 61. Ne2 Rc4 62. f6 Kd7 63. f7 Ke7 0-1

[Event "FICGS rapid A 000283 email"]
[Site "FICGS email"]
[Date "2022.06.21"]
[Round "1"]
[White "Maron, Paul"]
[Black "Pech, Jaroslav Sr"]
[Result "1/2-1/2"]
[WhiteElo "1997"]
[BlackElo "1903"]
[PlyCount "129"]
[EventDate "2022.??.??"]
[EventType "tourn (rapid)"]
[EventRounds "6"]
[SourceTitle "Corr 2024"]
[Source "ChessBase"]
[SourceDate "2023.10.19"]
[SourceVersion "1"]
[SourceVersionDate "2023.10.19"]
[SourceQuality "1"]

1. d4 d5 2. Nf3 Nf6 3. c4 c6 4. cxd5 cxd5 5. Nc3 Nc6 6. Bf4 Bf5 7. e3 e6 8. Qb3 Bb4 9. Bb5 0-0 10. 0-0 Bxc3 11. Qxc3 Ne4 12. Qa3 g5 13. Bg3 f6 14. Rac1 Rc8 15. h3 Nxg3 16. fxg3 h5 17. Bxc6 bxc6 18. h4 Qc7 19. Kh2 g4 20. Nd2 Rb8 21. Nb3 Rb5 22. Rc3 Rf7 23. Rfc1 Qe7 24. Qxe7 Rxe7 25. Rxc6 Kf7 26. Kg1 Kg6 27. Rf1 Rb4 28. Rf2 Bb1 29. Nc1 Rc4 30. Rxc4 dxc4 31. Ne2 Bxa2 32. Nf4+ Kh6 33. d5 exd5 34. Nxd5 Re6 35. Rf5 Bb1 36. Rxh5+ Kxh5 37. Nf4+ Kh6 38. Nxe6 a5 39. Kf2 c3 40. bxc3 a4 41. Ke2 a3 42. Nd4 a2 43. Nb3 Bg6 44. c4 Bf7 45. Kd3 Kg6 46. e4 f5 47. e5 Be8 48. Kc3 Bc6 49. Kb2 Bxg2 50. Nd4 f4 51. gxf4 Be4 52. Kxa2 g3 53. Kb3 g2 54. Ne2 Kf5 55. Kc3 Bf3 56. Ng1 Kxf4 57. e6 Bh5 58. Kd4 Kg3 59. Ke3 Kxh4 60. Kf4 Be8 61. Nf3+ Kh5 62. e7 Kg6 63. Nh4+ Kf6 64. Nxg2 Kxe7 65. Ke5 1/2-1/2

[Event "FICGS rapid A 000283 email"]
[Site "FICGS email"]
[Date "2022.06.21"]
[Round "1"]
[White "Pech, Jaroslav Sr"]
[Black "Nimylovych, Taras"]
[Result "0-1"]
[WhiteElo "1903"]
[BlackElo "2000"]
[PlyCount "104"]
[EventDate "2022.??.??"]
[EventType "tourn (rapid)"]
[EventRounds "6"]
[SourceTitle "Corr 2024"]
[Source "ChessBase"]
[SourceDate "2023.10.19"]
[SourceVersion "1"]
[SourceVersionDate "2023.10.19"]
[SourceQuality "1"]

1. e4 e5 2. Nf3 Nc6 3. Bb5 Nf6 4. 0-0 Nxe4 5. d4 Nd6 6. Bxc6 dxc6 7. dxe5 Nf5 8. Qxd8+ Kxd8 9. Nc3 h6 10. h3 Bd7 11. b3 c5 12. Rd1 Kc8 13. Nd5 a5 14. a4 Ne7 15. c4 Nxd5 16. cxd5 b6 17. Nd2 Be7 18. Nc4 h5 19. Bb2 Kb7 20. f4 h4 21. Ne3 c6 22. d6 Bd8 23. Rac1 Be6 24. Rd3 g6 25. Kf2 Kc8 26. Re1 Kd7 27. Ba3 Rf8 28. Ng4 g5 29. fxg5 Bxg5 30. Bc1 Bd8 31. Rf3 Rg8 32. Kg1 c4 33. bxc4 Bxc4 34. Nf2 Bd5 35. Ne4 b5 36. Kh2 b4 37. Bb2 Rg6 38. Bd4 Bxe4 39. Rxe4 Ke6 40. Rd3 Rc8 41. Bf2 c5 42. Rc4 Kd7 43. Rf3 Ke6 44. Rd3 Rc6 45. Bxh4 Bxh4 46. Rxh4 Rg8 47. Rc4 Rd8 48. Kg3 Kxe5 49. d7 f5 50. Kf2 Ke6 51. g4 Rd6 52. gxf5+ Kxd7 0-1

[Event "FICGS rapid A 000283 email"]
[Site "FICGS email"]
[Date "2022.06.21"]
[Round "1"]
[White "Pech, Jaroslav Sr"]
[Black "Zerowska, Patrycja"]
[Result "0-1"]
[WhiteElo "1903"]
[BlackElo "1900"]
[PlyCount "84"]
[EventDate "2022.??.??"]
[EventType "tourn (rapid)"]
[EventRounds "6"]
[SourceTitle "Corr 2024"]
[Source "ChessBase"]
[SourceDate "2023.10.19"]
[SourceVersion "1"]
[SourceVersionDate "2023.10.19"]
[SourceQuality "1"]

1. d4 Nf6 2. c4 e6 3. Nc3 Bb4 4. e3 0-0 5. Bd3 d5 6. Nf3 dxc4 7. Bxc4 c5 8. 0-0 cxd4 9. exd4 b6 10. Bg5 Bb7 11. Qe2 Nbd7 12. Rac1 Bxc3 13. Rxc3 Qb8 14. Bh4 Qf4 15. Bg3 Qg4 16. Bb5 Rfd8 17. Rfc1 Nd5 18. R3c2 a6 19. h3 Qh5 20. Bc6 Bxc6 21. Rxc6 N7f6 22. a3 h6 23. Qc2 Qf5 24. Qxf5 exf5 25. Be5 Ne8 26. Kf1 f6 27. Bh2 Kf7 28. Ng1 g5 29. Ne2 b5 30. a4 bxa4 31. R1c4 Ra7 32. Rxa4 Rb7 33. Rc2 Rb6 34. Ra5 Rd7 35. Rd2 Kg6 36. Rc5 Rb4 37. Ra5 Rb6 38. Rc5 Kf7 39. Ke1 h5 40. h4 f4 41. hxg5 fxg5 42. Ng1 Re7+ 0-1